Рудные поля и месторождения цветных, редких и благородных металлов Центральной Азии в материалах современных космических съемок; Проблемы геологии и освоения недр; Т. 1

Xehetasun bibliografikoak
Parent link:Проблемы геологии и освоения недр: труды XVIII Международного симпозиума имени академика М. А. Усова студентов и молодых ученых, Томск, 7-11 апреля 2014 г./ Национальный исследовательский Томский политехнический университет (ТПУ), Институт природных ресурсов (ИПР) ; Общество инженеров-нефтяников, международная некоммерческая организация, Студенческий чаптер ; под ред. А. Ю. Дмитриева.— , 2014
Т. 1.— [С. 186-189]
Egile nagusia: Ананьев Ю. С. Юрий Сергеевич
Erakunde egilea: Национальный исследовательский Томский политехнический университет (ТПУ) Институт природных ресурсов (ИПР) Кафедра геологии и разведки полезных ископаемых (ГРПИ)
Gaia:Заглавие с экрана
Hizkuntza:errusiera
Argitaratua:
Saila:Месторождения полезных ископаемых. Методика поисков и разведки месторождений полезных ископаемых. Геоинформационные системы в геологии
Gaiak:
Sarrera elektronikoa:http://earchive.tpu.ru/handle/11683/65558
http://www.lib.tpu.ru/fulltext/c/2014/C11/V1/082.pdf
Formatua: Baliabide elektronikoa Liburu kapitulua
KOHA link:https://koha.lib.tpu.ru/cgi-bin/koha/opac-detail.pl?biblionumber=608221

MARC

LEADER 00000naa2a2200000 4500
001 608221
005 20260318134613.0
035 |a (RuTPU)RU\TPU\conf\5651 
035 |a RU\TPU\conf\5650 
090 |a 608221 
100 |a 20140923d2014 k y0rusy50 ca 
101 0 |a rus 
102 |a RU 
135 |a drcn ---uucaa 
181 0 |a i  
182 0 |a b 
200 1 |a Рудные поля и месторождения цветных, редких и благородных металлов Центральной Азии в материалах современных космических съемок  |f Ю. С. Ананьев 
203 |a Текст  |c электронный 
225 1 |a Месторождения полезных ископаемых. Методика поисков и разведки месторождений полезных ископаемых. Геоинформационные системы в геологии 
300 |a Заглавие с экрана 
320 |a [Библиогр.: с. 188-189 (5 назв.)] 
337 |a Adobe Reader 
461 1 |0 (RuTPU)RU\TPU\conf\5590  |t Проблемы геологии и освоения недр  |o труды XVIII Международного симпозиума имени академика М. А. Усова студентов и молодых ученых, Томск, 7-11 апреля 2014 г.  |o в 2 т.  |f Национальный исследовательский Томский политехнический университет (ТПУ), Институт природных ресурсов (ИПР) ; Общество инженеров-нефтяников, международная некоммерческая организация, Студенческий чаптер ; под ред. А. Ю. Дмитриева  |d 2014 
463 1 |0 (RuTPU)RU\TPU\conf\5592  |t Т. 1  |v [С. 186-189] 
610 1 |a труды учёных ТПУ 
610 1 |a электронный ресурс 
610 1 |a рудные поля 
610 1 |a месторождения выветривания 
610 1 |a цветные металлы 
610 1 |a редкие металлы 
610 1 |a благородные металлы 
610 1 |a Центральная Азия 
610 1 |a космическая съемка 
700 1 |a Ананьев  |b Ю. С.  |c российский геолог  |c доцент Томского политехнического университета, кандидат геолого-минералогических наук  |f 1966-  |g Юрий Сергеевич  |3 (RuTPU)RU\TPU\pers\26228  |9 12016 
712 0 2 |a Национальный исследовательский Томский политехнический университет (ТПУ)  |b Институт природных ресурсов (ИПР)  |b Кафедра геологии и разведки полезных ископаемых (ГРПИ)  |3 (RuTPU)RU\TPU\col\18660 
801 2 |a RU  |b 63413507  |c 20210915  |g RCR 
856 4 |u http://earchive.tpu.ru/handle/11683/65558 
856 4 |u http://www.lib.tpu.ru/fulltext/c/2014/C11/V1/082.pdf 
942 |c BK